书目信息 |
| 题名: |
列宁与十月革命前的俄罗斯文学问题
|
|
| 作者: | 梅拉赫 著 ;蔡时济 , 沈笠 译 | |
| 分册: | ||
| 出版信息: | 新文艺出版社 1956 |
|
| 页数: | 89页 | |
| 开本: | 20cm | |
| 丛书名: | ||
| 单 册: | ||
| 中图分类: | A73 | |
| 科图分类: | ||
| 主题词: | 列宁--生平事迹 , 列宁--传记 | |
| 电子资源: | ||
| ISBN: | ||
| 000 | 00682nam0 2200217 450 | |
| 001 | 0632253984 | |
| 005 | 20060817085857.12 | |
| 010 | @dCNY0.26 | |
| 100 | @a20060817d1956 km y0chiy0120 ea | |
| 101 | 0 | @achi@crus |
| 200 | 1 | @a列宁与十月革命前的俄罗斯文学问题@Alie ning yu shi yue ge ming qian de e luo si wen xue wen ti@f(苏)梅拉赫著@F(su)mei la he zhu@g蔡时济,沈笠译@Gcai shi ji,shen li yi |
| 210 | @c新文艺出版社@d1956 | |
| 215 | @a89页@d20cm | |
| 606 | 0 | @a列宁@x生平事迹 |
| 606 | 0 | @a列宁@x传记 |
| 690 | @aA73@v3 | |
| 701 | 0 | @a梅拉赫@Amei la he@4著 |
| 702 | 0 | @a蔡时济@Acai shi ji@4译 |
| 702 | 0 | @a沈笠@Ashen li@4译 |
| 801 | 0 | @aCN@bPFT@c20060817 |
| 905 | @a10447@dA73@e149 | |
| 列宁与十月革命前的俄罗斯文学问题/(苏)梅拉赫著/蔡时济,沈笠译.-新文艺出版社,1956 |
| 89页;20cm |
| ISBN :CNY0.26 |
| ● |
| 相关链接 |
|
|
|
|
正题名:列宁与十月革命前的俄罗斯文学问题
索取号:A73/149
 
预约/预借
| 序号 | 登录号 | 条形码 | 馆藏地/架位号 | 状态 | 备注 |
| 1 | 0465217 | 204652170 | 密集书库/ [索取号:A73/149] | 在馆 |